[Event "Russian Championship B13 1st league 2016"]
[Site "Loo"]
[Date "2016.04.20"]
[Round "1.9"]
[White "Polyakov, Anton"]
[Black "Zakaryaev, Murad"]
[Result "1-0"]
[WhiteElo "1799"]
[BlackElo "1506"]
[PlyCount "51"]
[EventDate "2016.04.20"]

1. e4 c5 2. d4 cxd4 3. c3 dxc3 4. Nxc3 d6 5. Bc4 Nf6 6. e5 dxe5 7. Bxf7+ Kxf7
8. Qxd8 Nc6 9. Qd1 e6 10. Nf3 Bb4 11. O-O Rd8 12. Qb3 h6 13. Be3 b6 14. Rfd1
Bb7 15. g3 Be7 16. Rxd8 Rxd8 17. Rd1 Na5 18. Qc2 Nc4 19. b3 Nxe3 20. Nxe5+ Kg8
21. Rxd8+ Bxd8 22. fxe3 Bc7 23. Nf3 Ng4 24. Qg6 Nf6 25. Qd3 e5 26. Qc4+ 1-0

[Event "Russian Championship B13 1st league 2016"]
[Site "Loo"]
[Date "2016.04.20"]
[Round "1.10"]
[White "Efremov, Yaroslav"]
[Black "Ril, Evgeny"]
[Result "0-1"]
[WhiteElo "1501"]
[BlackElo "1797"]
[PlyCount "88"]
[EventDate "2016.04.20"]

1. e4 e5 2. Nf3 Nc6 3. Bb5 a6 4. Ba4 Nf6 5. O-O b5 6. Bb3 Bb7 7. Re1 Bc5 8. c3
d6 9. d4 Bb6 10. Bg5 h6 11. Bh4 O-O 12. Bd5 Re8 13. Nbd2 Rb8 14. Nf1 g5 15.
Nxg5 hxg5 16. Bxg5 Kg7 17. Qf3 exd4 18. Qg3 Ne5 19. cxd4 Ng6 20. Bxb7 Rxb7 21.
e5 Nh5 22. Qg4 f6 23. Be3 Rh8 24. Qf3 Rb8 25. g4 Nh4 26. Qh3 fxe5 27. gxh5 exd4
28. Qg4+ Kf8 29. Qf4+ Kg8 30. Qg3+ Kh7 31. Bg5 Rg8 32. Qxh4 Qxg5+ 33. Qxg5
Rxg5+ 34. Ng3 Rbg8 35. Re7+ Kh8 36. Kf1 Rf8 37. Ke2 d3+ 38. Kxd3 Rxf2 39. Rae1
Rxh2 40. Ne4 Rh3+ 41. Kc2 Rg2+ 42. Kb1 Rxh5 43. Nf6 Rhh2 44. Ka1 Bd4 0-1

[Event "Russian Championship B13 1st league 2016"]
[Site "Loo"]
[Date "2016.04.20"]
[Round "1.11"]
[White "Erastov, Semen"]
[Black "Ivanov, Ilya"]
[Result "1-0"]
[WhiteElo "1775"]
[BlackElo "1498"]
[PlyCount "35"]
[EventDate "2016.04.20"]

1. Nf3 e6 2. c4 b6 3. g3 Bb7 4. Bg2 f5 5. O-O Nf6 6. d4 Be7 7. Nc3 O-O 8. d5
Bb4 9. Nd4 Bxc3 10. bxc3 c5 11. Nb5 d6 12. dxe6 Bxg2 13. Kxg2 Ne4 14. f3 a6 15.
fxe4 axb5 16. exf5 bxc4 17. Qd5 Na6 18. e7+ 1-0

[Event "Russian Championship B13 1st league 2016"]
[Site "Loo"]
[Date "2016.04.20"]
[Round "1.12"]
[White "Konovalov, Artem"]
[Black "Amirov, Ramil"]
[Result "0-1"]
[WhiteElo "1497"]
[BlackElo "1773"]
[PlyCount "116"]
[EventDate "2016.04.20"]

1. e4 e6 2. d4 d5 3. e5 c5 4. c3 Qb6 5. a3 Nc6 6. Nf3 Nh6 7. Bd3 cxd4 8. cxd4
Bd7 9. Bc2 Nf5 10. Bxf5 exf5 11. O-O Be7 12. Nc3 Be6 13. Qd3 O-O 14. Rd1 f6 15.
Qb5 Qxb5 16. Nxb5 Rac8 17. Re1 fxe5 18. Nxe5 a6 19. Nxc6 Rxc6 20. Nc7 Rxc7 21.
Rxe6 Bf6 22. Rd6 Bxd4 23. Rxd5 Re8 24. Kf1 Rce7 25. Bg5 Bxb2 26. Rb1 Re6 27. g3
Bxa3 28. Rxb7 h6 29. Be3 Re5 30. Rdd7 R8e7 31. Rd8+ Kf7 32. Rxe7+ Bxe7 33. Ra8
a5 34. Bb6 Bb4 35. Ra7+ Kg6 36. Bd4 Re7 37. Ra6+ Kh7 38. Be3 Rc7 39. Ra8 Rc2
40. Ra7 Bc3 41. Bb6 Ra2 42. Kg2 a4 43. Bc5 Bb2 44. Kh3 a3 45. f3 h5 46. f4 Ra1
47. Ra6 a2 48. Ra7 Bf6 49. Bf8 Kg6 50. Ra8 Kf7 51. Bd6 Ke6 52. Bf8 Kd5 53. Ra7
Kc4 54. Bxg7 Bxg7 55. Rxg7 Re1 56. Rc7+ Kb5 57. Ra7 a1=Q 58. Rxa1 Rxa1 0-1

[Event "Russian Championship B13 1st league 2016"]
[Site "Loo"]
[Date "2016.04.20"]
[Round "1.13"]
[White "Kundianok, Vladislav"]
[Black "Usubov, Bogdan"]
[Result "1/2-1/2"]
[WhiteElo "1767"]
[BlackElo "1493"]
[PlyCount "84"]
[EventDate "2016.04.20"]

1. e4 d5 2. exd5 Qxd5 3. Nc3 Qd8 4. d4 Nf6 5. Bc4 c6 6. Bf4 Bf5 7. Nf3 e6 8.
O-O Bd6 9. Be5 O-O 10. Qe2 Bxe5 11. dxe5 Nd5 12. Bxd5 cxd5 13. Nd4 Bg6 14. Qd2
a6 15. Rfe1 Nd7 16. f4 Qb6 17. Na4 Qc7 18. Kh1 Nb6 19. Qa5 Qc4 20. Nxb6 Qxd4
21. Nxa8 Rxa8 22. Qc7 Qxf4 23. Qxb7 Rf8 24. Qxa6 Bxc2 25. Rac1 Be4 26. Qe2 Qxe5
27. Rc5 h6 28. Qxe4 Qxe4 29. Rxe4 dxe4 30. Kg1 Rd8 31. Rc2 Kf8 32. Kf2 Ke7 33.
Ke3 f5 34. b4 Rd3+ 35. Ke2 Kd6 36. b5 Rd4 37. a3 Rd5 38. Rc6+ Kd7 39. a4 Rd3
40. Rc4 Rb3 41. Rc5 Kd6 42. Rc6+ Kd7 1/2-1/2

[Event "Russian Championship B13 1st league 2016"]
[Site "Loo"]
[Date "2016.04.20"]
[Round "1.14"]
[White "Melnikov, Vyacheslav"]
[Black "Zhukov, Anton"]
[Result "1/2-1/2"]
[WhiteElo "1491"]
[BlackElo "1767"]
[PlyCount "81"]
[EventDate "2016.04.20"]

1. d4 f5 2. e4 fxe4 3. Nc3 Nf6 4. Bg5 g6 5. Bxf6 exf6 6. Nxe4 Bg7 7. Nf3 Qe7 8.
Qe2 d5 9. Ng3 Qxe2+ 10. Bxe2 O-O 11. O-O-O Be6 12. Rhe1 Bf7 13. Bd3 Nc6 14. c3
f5 15. Nd2 Bf6 16. f4 Nd8 17. Ne2 Ne6 18. Nf3 Rfd8 19. Ne5 c5 20. g3 Rac8 21.
Kb1 a6 22. Bc2 c4 23. Ng1 b5 24. Ngf3 Rd6 25. Rd2 Rb8 26. Ka1 a5 27. Rde2 Rbb6
28. h4 h5 29. Ng5 Bxg5 30. hxg5 Kg7 31. b3 Rb7 32. bxc4 bxc4 33. Rb1 Rxb1+ 34.
Kxb1 Be8 35. Bd1 Rb6+ 36. Rb2 Rxb2+ 37. Kxb2 h4 38. gxh4 Nxf4 39. Bf3 Kf8 40.
Kc2 Ke7 41. Kd2 1/2-1/2

[Event "Russian Championship B13 1st league 2016"]
[Site "Loo"]
[Date "2016.04.20"]
[Round "1.15"]
[White "Buyukli, Egor"]
[Black "Mongush, Kezhik"]
[Result "1-0"]
[WhiteElo "1754"]
[BlackElo "1490"]
[PlyCount "35"]
[EventDate "2016.04.20"]

1. d4 d5 2. Bf4 Nf6 3. e3 Bf5 4. c4 c6 5. Nc3 e6 6. Qb3 Qb6 7. c5 Qxb3 8. axb3
Nbd7 9. b4 Be7 10. h3 O-O 11. b5 Ne4 12. bxc6 bxc6 13. Ba6 Bh4 14. Nxe4 Bxe4
15. Nf3 Be7 16. Bb7 Bd3 17. Bxc6 Rac8 18. Bxd7 1-0

[Event "Russian Championship B13 1st league 2016"]
[Site "Loo"]
[Date "2016.04.20"]
[Round "1.16"]
[White "Sychev, Mikhail"]
[Black "Levkin, Lev"]
[Result "0-1"]
[WhiteElo "1482"]
[BlackElo "1753"]
[PlyCount "58"]
[EventDate "2016.04.20"]

1. d4 Nf6 2. c4 c5 3. Nf3 e6 4. Bf4 cxd4 5. Nxd4 e5 6. Bg3 exd4 7. Qxd4 Be7 8.
e3 O-O 9. Bd3 Nc6 10. Qh4 Nb4 11. Be2 Nc2+ 12. Kd2 Nxa1 13. Nc3 d5 14. Qd4 dxc4
15. Bxc4 Qxd4+ 16. exd4 Rd8 17. d5 Be6 18. Rxa1 Bxd5 19. Bxd5 Nxd5 20. Kc2 Rac8
21. Rc1 Bf6 22. Kb1 Bxc3 23. bxc3 Nxc3+ 24. Kb2 Na4+ 25. Kb1 Rxc1+ 26. Kxc1 Kf8
27. f3 Ke7 28. Bh4+ f6 29. Bf2 Kd6 0-1

[Event "Russian Championship B13 1st league 2016"]
[Site "Loo"]
[Date "2016.04.20"]
[Round "1.17"]
[White "Shoshin, Kirill"]
[Black "Bochkarev, Maxim"]
[Result "1-0"]
[WhiteElo "1746"]
[BlackElo "1473"]
[PlyCount "43"]
[EventDate "2016.04.20"]

1. e4 e5 2. d4 exd4 3. Qxd4 Nc6 4. Qe3 b6 5. Nc3 Bc5 6. Qg3 Qf6 7. Nd5 Bd6 8.
Nxf6+ gxf6 9. Qg7 Nh6 10. Qxh8+ Ke7 11. Bxh6 Bb7 12. Qxh7 Nd4 13. O-O-O Ne6 14.
Bc4 Re8 15. Bxe6 dxe6 16. Kb1 Ba6 17. Nf3 Bb7 18. e5 fxe5 19. Bg5+ Kd7 20.
Qxf7+ Kc6 21. Qxe8+ Kc5 22. Be3+ 1-0

[Event "Russian Championship B13 1st league 2016"]
[Site "Loo"]
[Date "2016.04.20"]
[Round "1.18"]
[White "Dyatlov, Oleg"]
[Black "Zhanazarov, Iskander"]
[Result "1-0"]
[WhiteElo "1469"]
[BlackElo "1746"]
[PlyCount "89"]
[EventDate "2016.04.20"]

1. c4 c6 2. Nf3 d5 3. g3 Nf6 4. Bg2 e6 5. b3 Bd6 6. O-O Nbd7 7. d3 O-O 8. Bb2
a6 9. Nbd2 b5 10. Qc2 Bb7 11. e4 Bc7 12. Rac1 Rc8 13. Qb1 Nb6 14. e5 Nfd7 15.
c5 Na8 16. d4 Ba5 17. Bc3 Bxc3 18. Rxc3 b4 19. Re3 Nc7 20. h4 a5 21. Ng5 g6 22.
f4 Ba6 23. Rf2 Nb5 24. Bf1 Na3 25. Qd1 Bxf1 26. Nxf1 Nb8 27. Qd3 Qd7 28. h5 h6
29. Nf3 Kg7 30. g4 Rg8 31. Rg2 Kh8 32. Ng3 Rg7 33. g5 Rcg8 34. Nh4 hxg5 35. h6
Rh7 36. fxg5 Qe7 37. Nh1 Rd8 38. Qf1 Kg8 39. Rf3 Nb5 40. Rf4 Nc3 41. Nf2 Rh8
42. Ng4 Ne4 43. Nf6+ Nxf6 44. Rxf6 Kf8 45. Nxg6+ 1-0

[Event "Russian Championship B13 1st league 2016"]
[Site "Loo"]
[Date "2016.04.20"]
[Round "1.19"]
[White "Kitaev, Roman"]
[Black "Mikiev, Klim"]
[Result "1-0"]
[WhiteElo "1744"]
[BlackElo "1466"]
[PlyCount "61"]
[EventDate "2016.04.20"]

1. e4 c5 2. Nf3 d6 3. d4 cxd4 4. Nxd4 Nf6 5. Nc3 a6 6. f3 e5 7. Nb3 Be6 8. Be3
Be7 9. Qd2 O-O 10. O-O-O b5 11. g4 Nc6 12. Nd5 Bxd5 13. exd5 Nb8 14. h4 Qc7 15.
h5 Rc8 16. Kb1 b4 17. g5 Ne8 18. Bh3 Rd8 19. g6 Bf6 20. gxf7+ Kxf7 21. Be6+ Kf8
22. Qd3 e4 23. Qxe4 Bxb2 24. Qxh7 Rc8 25. Qg8+ Ke7 26. Bxc8 Bf6 27. Qe6+ Kd8
28. Rhe1 a5 29. Bf2 Qxc8 30. Bb6+ Qc7 31. Qxe8# 1-0

[Event "Russian Championship B13 1st league 2016"]
[Site "Loo"]
[Date "2016.04.20"]
[Round "1.20"]
[White "Shchetkin, Kirill"]
[Black "Beloshapko, Matvej"]
[Result "0-1"]
[WhiteElo "1465"]
[BlackElo "1741"]
[PlyCount "88"]
[EventDate "2016.04.20"]

1. e4 c5 2. Nf3 g6 3. d4 cxd4 4. Nxd4 Bg7 5. Nc3 Nc6 6. Be3 Nf6 7. Nxc6 bxc6 8.
e5 Ng8 9. Bd4 f6 10. f4 fxe5 11. fxe5 e6 12. Be2 Qc7 13. Ne4 Bxe5 14. Bxe5 Qxe5
15. Nd6+ Ke7 16. Rf1 Nh6 17. Nxc8+ Raxc8 18. Qd2 Nf7 19. Qb4+ c5 20. Qh4+ g5
21. Qa4 Qxb2 22. Rd1 Qb4+ 23. Qxb4 cxb4 24. Rd2 Nd6 25. Bd3 h6 26. Rdf2 Rhf8
27. Rf3 Rxf3 28. Rxf3 Rf8 29. Rh3 Rf6 30. Ke2 Nf7 31. Re3 Kd6 32. Re4 Rf4 33.
Re3 Ne5 34. Rh3 Rf6 35. Be4 Kc5 36. c3 bxc3 37. Bc2 Kd4 38. Re3 Rf2+ 39. Kxf2
Ng4+ 40. Ke2 Nxe3 41. Ba4 d6 42. g3 Nc4 43. Bb3 e5 44. Kf3 Nd2+ 0-1

[Event "Russian Championship B13 1st league 2016"]
[Site "Loo"]
[Date "2016.04.20"]
[Round "1.21"]
[White "Voropaev, Fedor"]
[Black "Zhivotovskii, Dmitrii"]
[Result "1/2-1/2"]
[WhiteElo "1740"]
[BlackElo "1457"]
[PlyCount "85"]
[EventDate "2016.04.20"]

1. d4 d5 2. c4 dxc4 3. e4 e5 4. d5 a6 5. Bxc4 b5 6. Bb3 Nf6 7. Bg5 Bb4+ 8. Nd2
Nbd7 9. Ngf3 O-O 10. O-O h6 11. Bxf6 Nxf6 12. Nxe5 Bxd2 13. Qxd2 Nxe4 14. Qf4
Nf6 15. Nc6 Qd7 16. Rad1 Bb7 17. Na5 Rab8 18. Nxb7 Rxb7 19. d6 Qc8 20. dxc7
Rxc7 21. Rc1 Rxc1 22. Rxc1 Qb7 23. Qc7 Qa8 24. h3 Ne8 25. Qe7 Nf6 26. Rc7 Nd5
27. Bxd5 Qxd5 28. Qa3 Re8 29. Rc1 Qb7 30. Qd6 Kh8 31. Qf4 Kg8 32. Rc7 Qd5 33.
a3 Rf8 34. Ra7 Qe6 35. Rc7 Re8 36. Rc1 Rf8 37. Qf3 Rc8 38. Rxc8+ Qxc8 39. Qc3
Qa8 40. Kf1 Qb7 41. Qe5 Qc8 42. Qc3 Qb7 43. Qe5 1/2-1/2

[Event "Russian Championship B13 1st league 2016"]
[Site "Loo"]
[Date "2016.04.20"]
[Round "1.22"]
[White "Yashin, Vladimir"]
[Black "Arbuzov, Timofey"]
[Result "1/2-1/2"]
[WhiteElo "1454"]
[BlackElo "1739"]
[PlyCount "82"]
[EventDate "2016.04.20"]

1. e4 c6 2. d4 d5 3. e5 Bf5 4. h4 h6 5. g4 Bd7 6. h5 e6 7. f4 c5 8. c3 Nc6 9.
Nf3 Qb6 10. Kf2 O-O-O 11. Kg3 Kb8 12. Rh2 Rc8 13. Be3 cxd4 14. cxd4 Na5 15. Nc3
Nc4 16. Bxc4 Rxc4 17. Rc1 Ne7 18. a3 Rc7 19. Qd3 Nc6 20. Rhc2 a6 21. Nd2 Be7
22. b4 Rhc8 23. Nb3 Bxb4 24. Na4 Qa7 25. Nbc5 Bxc5 26. Nxc5 Ka8 27. Rb2 Ne7 28.
Rcb1 Bc6 29. Qd2 Rb8 30. Qa5 Rbc8 31. Rb6 Bb5 32. a4 Nc6 33. Rxc6 Bxc6 34. Rb6
Be8 35. Qb4 Rb8 36. Bd2 Rc6 37. a5 Rxc5 38. Qxc5 Bc6 39. Qe7 Rc8 40. Bb4 Be8
41. Bc5 Qb8 1/2-1/2

[Event "Russian Championship B13 1st league 2016"]
[Site "Loo"]
[Date "2016.04.20"]
[Round "1.23"]
[White "Smirnov, Dmitrii"]
[Black "Goroshkov, Mikhail"]
[Result "1/2-1/2"]
[WhiteElo "1735"]
[BlackElo "1452"]
[PlyCount "80"]
[EventDate "2016.04.20"]

1. d4 d5 2. c4 e6 3. Nc3 Nf6 4. Bg5 Be7 5. e3 h6 6. Bf4 O-O 7. Nf3 b6 8. Qc2 c5
9. O-O-O Bb7 10. Ne5 Nc6 11. cxd5 Nb4 12. Qb3 Bxd5 13. Nxd5 Qxd5 14. Qxd5 Nfxd5
15. a3 Nxf4 16. axb4 Nd5 17. bxc5 bxc5 18. Nc6 Bd6 19. e4 Nb4 20. Nxb4 cxb4 21.
Kb1 a5 22. d5 e5 23. Bb5 Rfc8 24. Bc6 Ra7 25. b3 g6 26. Rc1 f5 27. f3 fxe4 28.
fxe4 Rf7 29. Rcf1 Rxf1+ 30. Rxf1 Rf8 31. Rxf8+ Kxf8 32. Kc2 Ke7 33. Kd3 Bc7 34.
Kc4 Kd6 35. h4 Bd8 36. g3 g5 37. h5 Bc7 38. g4 Bd8 39. Kb5 Bc7 40. Kc4 Bd8
1/2-1/2

[Event "Russian Championship B13 1st league 2016"]
[Site "Loo"]
[Date "2016.04.20"]
[Round "1.24"]
[White "Karnaukhov, Evgenii"]
[Black "Traschenko, Damir"]
[Result "0-1"]
[WhiteElo "1452"]
[BlackElo "1733"]
[PlyCount "106"]
[EventDate "2016.04.20"]

1. e4 c5 2. Nf3 Nc6 3. d4 cxd4 4. Nxd4 g6 5. c4 Bg7 6. Be3 Nf6 7. Nc3 d6 8. Be2
Bd7 9. Nc2 Rc8 10. O-O O-O 11. b3 Ne5 12. f3 Qc7 13. Qd2 b5 14. f4 Neg4 15. h3
Nxe3 16. Nxe3 b4 17. Ncd5 Nxd5 18. Nxd5 Qc5+ 19. Kh1 Rfe8 20. Rad1 a5 21. f5
Bc6 22. fxg6 hxg6 23. Bg4 Rcd8 24. Qf4 Rf8 25. Nxe7+ Kh7 26. Nd5 Bxd5 27. Rxd5
Qc7 28. Be2 Be5 29. Qh4+ Kg7 30. Bh5 Rh8 31. Rxe5 dxe5 32. Qf6+ Kh7 33. Qxf7+
Qxf7 34. Rxf7+ Kg8 35. Bxg6 Rd6 36. Re7 Rxg6 37. Rxe5 Ra6 38. Rb5 Rhh6 39. Kh2
Rhb6 40. Rd5 a4 41. g4 Re6 42. e5 axb3 43. axb3 Ra3 44. Rd3 Rxe5 45. h4 Re2+
46. Kg3 Rb2 47. h5 Rbxb3 48. Rxb3 Rxb3+ 49. Kf4 Rc3 50. Kg5 Rxc4 51. h6 b3 52.
Kf6 Rxg4 53. h7+ Kxh7 0-1

[Event "Russian Championship B13 1st league 2016"]
[Site "Loo"]
[Date "2016.04.20"]
[Round "1.25"]
[White "Lvov, Nikita"]
[Black "Mkrtchyan, Mikhail"]
[Result "1-0"]
[WhiteElo "1731"]
[BlackElo "1452"]
[PlyCount "59"]
[EventDate "2016.04.20"]

1. d4 d5 2. c4 e6 3. Nf3 Nf6 4. e3 Nc6 5. Nbd2 Be7 6. a3 a5 7. Bd3 O-O 8. O-O
b6 9. b3 Ba6 10. Bb2 Bd6 11. e4 dxe4 12. Nxe4 Re8 13. Qc2 Rb8 14. Rfe1 b5 15.
Nxf6+ Qxf6 16. d5 e5 17. dxc6 Bc8 18. c5 Bf8 19. Bxe5 Qxc6 20. Be4 Qd7 21. Rad1
Qe7 22. Bxh7+ Kh8 23. Bxg7+ Bxg7 24. Rxe7 Rxe7 25. Rd8+ Bf8 26. Rxf8+ Kg7 27.
Rg8+ Kf6 28. Qc3+ Ke6 29. Qe5+ Kd7 30. Bf5+ 1-0

[Event "Russian Championship B13 1st league 2016"]
[Site "Loo"]
[Date "2016.04.20"]
[Round "1.26"]
[White "Romanov, Alamin"]
[Black "Yastrebov, Nikita"]
[Result "1/2-1/2"]
[WhiteElo "1452"]
[BlackElo "1725"]
[PlyCount "112"]
[EventDate "2016.04.20"]

1. e4 c5 2. Nf3 d6 3. d4 cxd4 4. Nxd4 Nf6 5. Nc3 a6 6. Be2 b5 7. a3 Bb7 8. Qd3
Nbd7 9. Nb3 Ne5 10. Qd4 e6 11. f4 Nc6 12. Qd3 Be7 13. O-O Rc8 14. Qg3 O-O 15.
f5 Kh8 16. Bf4 e5 17. Be3 Nb8 18. Bf3 Rc4 19. Nd2 Rc8 20. Nb3 Nbd7 21. Rad1 Nb6
22. Nc5 Qc7 23. Nxb7 Qxb7 24. Bxb6 Qxb6+ 25. Qf2 Qxf2+ 26. Rxf2 d5 27. Rfd2 d4
28. Ne2 Rfd8 29. c3 dxc3 30. Rxd8+ Rxd8 31. Rxd8+ Bxd8 32. Nxc3 Bb6+ 33. Kf1
Bd4 34. Ke2 Ne8 35. Kd2 Nd6 36. Kc2 Nc4 37. Kb3 Na5+ 38. Kc2 Nc4 39. g4 h6 40.
Be2 Nd6 41. Bd3 Nb7 42. b4 Bxc3 43. Kxc3 f6 44. a4 Nd6 45. axb5 axb5 46. Kd2
Kg8 47. Ke3 Kh8 48. Kf3 Kg8 49. h4 Kh7 50. Kg3 Kh8 51. g5 Kh7 52. Kg4 Kh8 53.
Kh5 Kh7 54. Bc2 Nc4 55. Bb3 Nd2 56. Bd5 Nf3 1/2-1/2

[Event "Russian Championship B13 1st league 2016"]
[Site "Loo"]
[Date "2016.04.20"]
[Round "1.27"]
[White "Zakirov, Artur"]
[Black "Abdulaev, Almaz"]
[Result "1-0"]
[WhiteElo "1725"]
[BlackElo "1451"]
[PlyCount "59"]
[EventDate "2016.04.20"]

1. e4 e6 2. d4 d5 3. e5 c5 4. c3 Qb6 5. Nf3 Nc6 6. Bd3 cxd4 7. cxd4 Bd7 8. O-O
Nxd4 9. Nbd2 Nxf3+ 10. Nxf3 Bb5 11. Be3 Qa6 12. Bxb5+ Qxb5 13. Nd4 Qd7 14. Rc1
Ne7 15. f4 Ng6 16. Qh5 Ne7 17. Qe2 a6 18. Rf3 g6 19. Bf2 Bg7 20. Bh4 O-O 21.
Rh3 Rfe8 22. Qd2 Rac8 23. Rf1 Nc6 24. Nb3 Rf8 25. Bf6 Ne7 26. Bxg7 Kxg7 27. f5
Ng8 28. f6+ Kh8 29. Rff3 h5 30. Qg5 1-0

[Event "Russian Championship B13 1st league 2016"]
[Site "Loo"]
[Date "2016.04.20"]
[Round "1.28"]
[White "Maximov, Mihail"]
[Black "Ismailov, Amir"]
[Result "0-1"]
[WhiteElo "1450"]
[BlackElo "1714"]
[PlyCount "100"]
[EventDate "2016.04.20"]

1. e4 c5 2. Nf3 d6 3. Bb5+ Nd7 4. Bxd7+ Qxd7 5. O-O Nf6 6. Nc3 e5 7. d3 h6 8.
Re1 Be7 9. h3 a6 10. Nh2 b5 11. f4 Bb7 12. Qf3 b4 13. Ne2 d5 14. Ng3 dxe4 15.
dxe4 Qd4+ 16. Kh1 g6 17. c3 bxc3 18. bxc3 Qd6 19. fxe5 Qxe5 20. Bf4 Qe6 21. Qd3
Rd8 22. Qc2 Kf8 23. Rab1 Rd7 24. c4 Kg7 25. e5 Nh5 26. Nxh5+ gxh5 27. Re3 Bg5
28. Rg3 h4 29. Rg4 Qg6 30. Qc1 Rhd8 31. Nf1 Rd1 32. Bxg5 hxg5 33. Rxg5 Rxc1 34.
Rxg6+ Kxg6 35. Rxc1 Kf5 36. Re1 Rd3 37. Rb1 Be4 38. Nh2 Kxe5 39. Ng4+ Kd4 40.
Nf2 Rxh3+ 41. Nxh3 Bxb1 42. Ng5 Bxa2 43. Nxf7 Bxc4 44. Nd6 Bd3 45. Kh2 c4 46.
Kh3 c3 47. Kxh4 c2 48. g4 c1=Q 49. Nf5+ Bxf5 50. gxf5 Qf4+ 0-1

[Event "Russian Championship B13 1st league 2016"]
[Site "Loo"]
[Date "2016.04.20"]
[Round "1.29"]
[White "Novikov, Roman"]
[Black "Kazakov, Gleb"]
[Result "0-1"]
[WhiteElo "1711"]
[BlackElo "1447"]
[PlyCount "80"]
[EventDate "2016.04.20"]

1. d4 d5 2. c4 e6 3. Nc3 Be7 4. Nf3 Nf6 5. Bg5 a6 6. e3 O-O 7. Be2 dxc4 8. O-O
b5 9. a4 b4 10. Nb1 Bb7 11. Bxc4 Bd5 12. Bd3 Ne4 13. Bxe7 Qxe7 14. Qc2 f5 15.
Rc1 Rc8 16. Nbd2 Nxd2 17. Nxd2 Nd7 18. e4 fxe4 19. Nxe4 Nf6 20. Nc5 a5 21. Re1
Qf7 22. f3 Rd8 23. Re5 b3 24. Qe2 Nd7 25. Nxd7 Rxd7 26. Qe3 Rad8 27. Bb5 Re7
28. Rc1 Rd6 29. Rc5 c6 30. Bd3 Ra7 31. f4 Rd8 32. Qd2 Re8 33. Qe3 Rd8 34. Qg3
Qf6 35. Rc1 Rf8 36. Rf1 Qe7 37. f5 Kh8 38. Qh3 Qb4 39. Qh4 Qd2 40. Re3 Qxg2#
0-1

[Event "Russian Championship B13 1st league 2016"]
[Site "Loo"]
[Date "2016.04.20"]
[Round "1.30"]
[White "Shalimo, Eugene"]
[Black "Zhuravlev, Aleksandr"]
[Result "1-0"]
[WhiteElo "1445"]
[BlackElo "1695"]
[PlyCount "109"]
[EventDate "2016.04.20"]

1. d4 c5 2. d5 e6 3. c4 exd5 4. cxd5 d6 5. Nc3 Nf6 6. e4 g6 7. g3 Bg7 8. Bg2
O-O 9. Bf4 Nh5 10. Be3 Qa5 11. Qc2 b5 12. Bd2 Na6 13. Nf3 Bd7 14. O-O Qb6 15.
Rfe1 Rfe8 16. h3 f5 17. Nh4 Nb4 18. Qb1 fxe4 19. Nxe4 Nxd5 20. Ng5 Nhf6 21. Qd3
Bc6 22. Ne4 Qc7 23. Nxf6+ Nxf6 24. Bf4 Rad8 25. Qc2 Bxg2 26. Nxg2 Qc6 27. Rxe8+
Rxe8 28. Rd1 Rd8 29. Qb3+ c4 30. Qa3 Ne4 31. Qe3 d5 32. f3 Nc5 33. Bg5 Re8 34.
Qd2 d4 35. Rf1 Ne6 36. Bf4 Nxf4 37. Nxf4 d3 38. h4 Bd4+ 39. Kg2 Be3 40. Qc3
Bxf4 41. gxf4 Re2+ 42. Rf2 Rxf2+ 43. Kxf2 Qc5+ 44. Kg2 Qe3 45. Qf6 Qe2+ 46. Kg3
d2 47. Qd8+ Kg7 48. Qc7+ Kh6 49. Qd8 Qe1+ 50. Kg2 Qe3 51. Qf8+ Kh5 52. Qg7 Qxf4
53. Qxh7+ Qh6 54. Qd7 Kxh4 55. Qg4# 1-0

[Event "Russian Championship B13 1st league 2016"]
[Site "Loo"]
[Date "2016.04.20"]
[Round "1.31"]
[White "Efanov, Aleksey"]
[Black "Krivich, Ilya"]
[Result "1-0"]
[WhiteElo "1693"]
[BlackElo "1442"]
[PlyCount "87"]
[EventDate "2016.04.20"]

1. e4 c5 2. Nf3 Nc6 3. d4 cxd4 4. Nxd4 Nf6 5. Nc3 g6 6. Be3 Bg7 7. Nxc6 bxc6 8.
e5 Ng8 9. Bd4 Bb7 10. e6 Nf6 11. exf7+ Kxf7 12. f3 e5 13. Bf2 d5 14. Be2 Qd6
15. O-O Rhe8 16. Na4 Nd7 17. c3 Kg8 18. Bg3 Qe7 19. Bd3 c5 20. b3 Nb6 21. Nxb6
axb6 22. Qd2 Rad8 23. Bb5 Rf8 24. Qe2 d4 25. cxd4 cxd4 26. Rad1 h5 27. Rfe1 e4
28. fxe4 Bh6 29. Qc4+ Kh7 30. Rxd4 Rc8 31. Rd7 Qxd7 32. Bxd7 Rxc4 33. bxc4 Rd8
34. Bb5 Rd2 35. a4 Rd4 36. Bf2 Rxe4 37. Rxe4 Bxe4 38. Bxb6 Ba8 39. Kf2 Bf4 40.
g3 Bb8 41. c5 Kg8 42. c6 Kf7 43. c7 Bxc7 44. Bxc7 1-0

[Event "Russian Championship B13 1st league 2016"]
[Site "Loo"]
[Date "2016.04.20"]
[Round "1.32"]
[White "Yadigarov, Aivaz"]
[Black "Koptev, Ruslan"]
[Result "1/2-1/2"]
[WhiteElo "1441"]
[BlackElo "1691"]
[PlyCount "90"]
[EventDate "2016.04.20"]

1. d4 Nf6 2. c4 g6 3. Nc3 Bg7 4. e4 O-O 5. h3 d6 6. Nf3 c5 7. d5 e6 8. Bg5 exd5
9. exd5 h6 10. Be3 Bf5 11. Bd3 Bxd3 12. Qxd3 Na6 13. a3 Nc7 14. O-O a6 15. Rab1
b5 16. b3 Rb8 17. Rfe1 Nd7 18. Ne4 Nf6 19. Bf4 Nxe4 20. Rxe4 f5 21. Ree1 g5 22.
Bd2 g4 23. hxg4 fxg4 24. Nh2 Qh4 25. Qg3 Qxg3 26. fxg3 Bd4+ 27. Kh1 h5 28. Bf4
Ne8 29. cxb5 axb5 30. Re6 Rf6 31. Rbe1 Rxe6 32. Rxe6 c4 33. Re4 Bb2 34. bxc4
bxc4 35. Rxc4 Bxa3 36. Kg1 Rb1+ 37. Kf2 Bc5+ 38. Ke2 Rb2+ 39. Bd2 Nf6 40. Rf4
Nxd5 41. Rf5 Ne3 42. Rxh5 Nc4 43. Nf1 Bb4 44. Rd5 Bxd2 45. Nxd2 Nxd2 1/2-1/2

[Event "Russian Championship B13 1st league 2016"]
[Site "Loo"]
[Date "2016.04.20"]
[Round "1.33"]
[White "Tsybulkin, Ivan"]
[Black "Nedelko, Nikita"]
[Result "1/2-1/2"]
[WhiteElo "1685"]
[BlackElo "1439"]
[PlyCount "89"]
[EventDate "2016.04.20"]

1. d4 d5 2. g3 Nf6 3. Bg2 Bf5 4. Nf3 e6 5. O-O c5 6. c4 Nbd7 7. cxd5 exd5 8. b3
cxd4 9. Nxd4 Bg6 10. Bb2 Bc5 11. Nc3 Nb6 12. Nb1 O-O 13. Nd2 Rc8 14. Rc1 Re8
15. e3 Bh5 16. N2f3 Ne4 17. a3 a5 18. Nf5 Nf6 19. Qd2 Nbd7 20. b4 axb4 21. axb4
Bf8 22. Rxc8 Qxc8 23. Rc1 Qd8 24. Qc3 Qb6 25. Ba3 Ne4 26. Qd4 Qxd4 27. N5xd4
Nb6 28. Rc7 Nc4 29. Bc1 Bxb4 30. Rxb7 Bc3 31. Rb5 Nf6 32. Rb3 Ne4 33. Rb5 Nf6
34. Rb3 Bxf3 35. Bxf3 Bxd4 36. exd4 Re1+ 37. Kg2 h6 38. Be3 Nxe3+ 39. Rxe3 Rxe3
40. fxe3 Kf8 41. Kf2 Ke7 42. Ke2 Kd6 43. Kd3 g6 44. h3 h5 45. h4 1/2-1/2

[Event "Russian Championship B13 1st league 2016"]
[Site "Loo"]
[Date "2016.04.20"]
[Round "1.34"]
[White "Koshkin, Artem"]
[Black "Garifzyanov, Niyaz"]
[Result "0-1"]
[WhiteElo "1434"]
[BlackElo "1682"]
[PlyCount "82"]
[EventDate "2016.04.20"]

1. d4 Nf6 2. c4 e6 3. Nc3 Bb4 4. Bg5 h6 5. Bh4 d5 6. e3 Nc6 7. Nf3 O-O 8. Bd3
Be7 9. O-O b6 10. Rc1 Bb7 11. cxd5 Nxd5 12. Bxe7 Ndxe7 13. Qe2 Nb4 14. Bc4 a6
15. a3 Nbc6 16. b4 a5 17. b5 Na7 18. a4 c6 19. Ne5 cxb5 20. Nxb5 Nac6 21. Nxc6
Bxc6 22. Bb3 Qd7 23. Rc2 Bxb5 24. Qxb5 Qxb5 25. axb5 a4 26. Ba2 Ra5 27. Rc4 Rc8
28. Rxc8+ Nxc8 29. Bc4 Nd6 30. Bd3 a3 31. Ra1 Nxb5 32. h3 Nc3 33. Rc1 a2 34.
Ra1 b5 35. Bc2 b4 36. Kf1 Ra3 37. Ke1 b3 38. Bxb3 Rxb3 39. Kd2 Rb1 40. Kxc3
Rxa1 41. Kb2 Rf1 0-1